00424nam a2200145Ia 4500003000400000008004100004020002700045040000800072100002300080245007800103260003000181300001500211365001200226440004000238LDD181029s9999 xx 000 0 und d a9780415874823cP 70.00 cLDD aSchuerkens, Ulrike 0aGlobalization and transformations of social inequalitycUlrike Schuerkens aNew YorkbRoutledgec2010 axvi, 291p. bP 70.00 aRoutledge advances in sociologyv53